Analysis of the Consumption of the Goods and Services Market in the Cybernetic Model of the 15 Older EU Member States
Analýza spotreby na trhu tovarov a služieb v kybernetickom modeli štátov. Teoretický základ je daný funkciou spotreby v krátkodobom horizonte, makroekonomickým multiplikátorom dvojsektorového hospodárstva a kybernetického modelu s trhom tovaru a služieb. Uvedená teória sa uplatňuje v reálnych podmie...
Enregistré dans:
| Auteur principal: | |
|---|---|
| Autres auteurs: | , |
| Format: | Chapitre de livre |
| Langue: | anglais |
| Sujets: | |
| Tags: |
Pas de tags, Soyez le premier à ajouter un tag!
|
MARC
| LEADER | 00000naa a2200000 4500 | ||
|---|---|---|---|
| 001 | 0257340 | ||
| 005 | 20190807112414.6 | ||
| 041 | 0 | |a eng | |
| 044 | |a CZ | ||
| 245 | 1 | 0 | |a Analysis of the Consumption of the Goods and Services Market in the Cybernetic Model of the 15 Older EU Member States |c Pavel Rousek, Marek Vochozka, Psárska Marianna |
| 520 | |a Analýza spotreby na trhu tovarov a služieb v kybernetickom modeli štátov. Teoretický základ je daný funkciou spotreby v krátkodobom horizonte, makroekonomickým multiplikátorom dvojsektorového hospodárstva a kybernetického modelu s trhom tovaru a služieb. Uvedená teória sa uplatňuje v reálnych podmienkach 15 vybraných krajín, ako starších členov Európskej únie, ktorými sú Rakúsko, Belgicko, Dánsko a ďalšie. Prípadová štúdia je uvedená na príklade Rakúska, ktorého parametre spotreby sú najviac podobné mediánu. | ||
| 610 | 2 | 0 | |a spotreba |
| 610 | 2 | 0 | |a tovar |
| 610 | 2 | 0 | |a služby |
| 610 | 2 | 0 | |a Európska únia |
| 610 | 2 | 0 | |a Rakúsko |
| 610 | 2 | 0 | |a Belgicko |
| 610 | 2 | 0 | |a Dánsko |
| 610 | 2 | 0 | |a kybernetizácia |
| 610 | 2 | 0 | |a kybernetika |
| 610 | 2 | 0 | |a trh tovarový |
| 610 | 2 | 0 | |a multiplikátor |
| 100 | 1 | |a Rousek, Pavel | |
| 700 | 1 | |a Vochozka, Marek | |
| 700 | 1 | |a Psárska, Marianna | |